साहित्य साधिकाएँ / (Record no. 117736)

MARC details
000 -LEADER
fixed length control field 00941nam a22002537a 4500
005 - DATE AND TIME OF LATEST TRANSACTION
control field 20170124103100.0
010 ## - LIBRARY OF CONGRESS CONTROL NUMBER
LC control number 206405
020 ## - INTERNATIONAL STANDARD BOOK NUMBER
Terms of availability 02.25
035 ## - SYSTEM CONTROL NUMBER
System control number 206405
037 ## - SOURCE OF ACQUISITION
Source of stock number/acquisition Cen Lib/Ret
040 ## - CATALOGING SOURCE
Original cataloging agency DPL
Language of cataloging HN
082 ## - DEWEY DECIMAL CLASSIFICATION NUMBER
Classification number 920
Item number कैलाश
100 ## - MAIN ENTRY--PERSONAL NAME
Personal name कैलाश कल्पित
9 (RLIN) 76551
245 ## - TITLE STATEMENT
Title साहित्य साधिकाएँ /
Statement of responsibility, etc कैलाश कल्पित
246 ## - VARYING FORM OF TITLE
Title proper/short title Sahitye sadhikaen /
Remainder of title by Kailash Kalpit
260 ## - PUBLICATION, DISTRIBUTION, ETC. (IMPRINT)
Place of publication, distribution, etc जबलपुर
Name of publisher, distributor, etc लोक चेतना प्रकाशन
Date of publication, distribution, etc 1962
270 ## - ADDRESS
City जबलपुर
300 ## - PHYSICAL DESCRIPTION
Extent 139पृ.
Dimensions 18सेमी(सजिल्द)
650 ## - SUBJECT ADDED ENTRY--TOPICAL TERM
Topical term or geographic name as entry element हिन्दी -- साहित्य
9 (RLIN) 76552
650 ## - SUBJECT ADDED ENTRY--TOPICAL TERM
Topical term or geographic name as entry element हिन्दी -- जीवनियाँ
9 (RLIN) 76553
650 ## - SUBJECT ADDED ENTRY--TOPICAL TERM
Topical term or geographic name as entry element Hindi literature
9 (RLIN) 76554
650 ## - SUBJECT ADDED ENTRY--TOPICAL TERM
Topical term or geographic name as entry element Hindi - Biographies
9 (RLIN) 76555
942 ## - ADDED ENTRY ELEMENTS (KOHA)
Source of classification or shelving scheme Dewey Decimal Classification
Koha item type Hindi Books
Classification part 920
Call number suffix कैलाश
Holdings
Withdrawn status Lost status Damaged status Not for loan Home library Current library Date acquired Source of acquisition Cost, normal purchase price Total Checkouts Full call number Barcode Date last seen Copy number Cost, replacement price Price effective from Koha item type
        Central Library Central Library 08/09/2015 Cen Lib/Ret 2.25   920 कैलाश 206405 08/09/2015 1 2.25 08/09/2015 Hindi Books

© Delhi Public Library
Hit Counter
free hit counter